[Event "ch-RUS Blitz 2017"]
[Site "Sochi RUS"]
[Date "2017.10.02"]
[Round "1.26"]
[White "Pervakov, Sergey"]
[Black "Demidov, Mikhail"]
[Result "0-1"]
[BlackTitle "IM"]
[WhiteElo "2137"]
[BlackElo "2521"]
[WhiteFideId "14111543"]
[BlackFideId "4197143"]
[EventDate "2017.10.02"]
[EventType "blitz"]

1. e4 e6 2. d4 d5 3. Nd2 Be7 4. Ngf3 Nf6 5. Bd3 c5 6. c3 Nc6 7. O-O cxd4 8. cxd4
Nb4 9. Bb1 dxe4 10. Nxe4 Bd7 11. a3 Nbd5 12. Nc3 O-O 13. Ne5 Rc8 14. Qd3 g6 15.
Bh6 Re8 16. Re1 Bc6 17. Qh3 Bf8 18. Bg5 Qb6 19. Nxc6 bxc6 20. Qh4 Qxb2 21. Nxd5
Nxd5 22. Ba2 Bg7 23. Bxd5 cxd5 24. Bf6 Rc4 25. Bxg7 Kxg7 26. h3 Qxd4 0-1

[Event "ch-RUS Blitz 2017"]
[Site "Sochi RUS"]
[Date "2017.10.02"]
[Round "1.27"]
[White "Rozum, Ivan"]
[Black "Bargandzhiya, Zaza"]
[Result "1-0"]
[WhiteTitle "GM"]
[WhiteElo "2590"]
[BlackElo "2094"]
[WhiteFideId "24104272"]
[BlackFideId "24180866"]
[EventDate "2017.10.02"]
[EventType "blitz"]

1. e4 e5 2. Nf3 Nc6 3. Bb5 a6 4. Ba4 Nf6 5. O-O Be7 6. Re1 b5 7. Bb3 d6 8. c3
O-O 9. h3 Na5 10. Bc2 c5 11. d4 Qc7 12. d5 Nb7 13. Nbd2 Nd8 14. Nf1 Ne8 15. Ng3
g6 16. a4 Rb8 17. Be3 Ng7 18. Nh2 f6 19. Qd2 Nf7 20. axb5 axb5 21. f4 Bd7 22. f5
Ra8 23. Rab1 g5 24. Qe2 Be8 25. h4 gxh4 26. Nh5 Nxh5 27. Qxh5 Kh8 28. Qxh4 Rg8
29. Nf3 Ng5 30. Nxg5 fxg5 31. Qh6 Bf8 32. Qf6+ Qg7 33. Qxg7+ Rxg7 34. Ra1 Rb8
35. Ra6 b4 36. c4 h6 37. Kf2 Rgb7 38. Ba4 Bxa4 39. Rxa4 Kg7 40. Kf3 Be7 41. Kg4
h5+ 42. Kxh5 Rh8+ 43. Kg4 Rh4+ 44. Kf3 Rb8 45. Ra7 Kf6 46. Rxe7 Rf4+ 47. Bxf4 1-0

[Event "ch-RUS Blitz 2017"]
[Site "Sochi RUS"]
[Date "2017.10.02"]
[Round "1.28"]
[White "Uzhva, Andrey"]
[Black "Yuffa, Daniil"]
[Result "0-1"]
[WhiteTitle "FM"]
[BlackTitle "GM"]
[WhiteElo "2270"]
[BlackElo "2527"]
[WhiteFideId "4160797"]
[BlackFideId "24131423"]
[EventDate "2017.10.02"]
[EventType "blitz"]

1. d4 Nf6 2. c4 g6 3. Nf3 Bg7 4. g3 O-O 5. Bg2 c5 6. Nc3 Nc6 7. dxc5 Qa5 8. O-O
Qxc5 9. Qa4 d6 10. Be3 Qh5 11. Rfd1 Bh3 12. Bh1 Ng4 13. Bf4 Rac8 14. Nd5 Nge5
15. Rac1 Bg4 16. Qb3 Bxf3 17. exf3 e6 18. Ne3 Nxf3+ 19. Bxf3 Qxf3 20. Bxd6 Rfd8
21. Ng2 Qxb3 22. axb3 Nd4 23. Be7 Re8 24. Ba3 Ne2+ 25. Kf1 Nxc1 26. Rxc1 Red8
27. Ke2 Rd7 28. Ne3 Rcd8 29. Rc2 h5 30. h4 a6 31. Bb4 Rd3 32. Bc3 Bxc3 33. bxc3
R3d6 34. Ra2 Kg7 35. c5 Rd3 36. Rc2 f6 37. b4 g5 38. Nc4 gxh4 39. Nd6 R3xd6 40.
cxd6 hxg3 41. fxg3 Rxd6 42. Ke3 b5 43. Rh2 Kg6 44. Ra2 Rc6 45. Kd4 Kg5 46. Rh2
Rc4+ 47. Kd3 e5 48. Ra2 Rc6 49. Rh2 f5 50. Re2 Rd6+ 51. Ke3 Kg4 52. Rh2 e4 53.
Rh4+ Kg5 54. Rh1 Rd3+ 55. Kf2 Rxc3 56. Ra1 h4 57. gxh4+ Kxh4 58. Rxa6 f4 59. Rb6
Rc2+ 60. Ke1 e3 61. Rxb5 f3 62. Rc5 Rb2 0-1

[Event "ch-RUS Blitz 2017"]
[Site "Sochi RUS"]
[Date "2017.10.02"]
[Round "2.1"]
[White "Linker, Mikhail"]
[Black "Andreikin, Dmitry"]
[Result "0-1"]
[BlackTitle "GM"]
[WhiteElo "2269"]
[BlackElo "2708"]
[WhiteFideId "14101734"]
[BlackFideId "4158814"]
[EventDate "2017.10.02"]
[EventType "blitz"]

1. d4 d5 2. c4 c6 3. Nf3 Nf6 4. e3 a6 5. Bd3 Bg4 6. Qb3 Qc7 7. Ne5 Be6 8. Nc3 g6
9. O-O Bg7 10. Qc2 O-O 11. b3 dxc4 12. bxc4 c5 13. Ba3 cxd4 14. exd4 Rd8 15. Ne2
Nc6 16. Nxc6 bxc6 17. Rab1 Ng4 18. Ng3 Bxd4 19. Bb2 Qf4 20. Bxd4 Rxd4 21. h3
Rad8 22. Rbd1 Ne3 23. fxe3 Qxe3+ 24. Kh2 Rxd3 25. Rf3 Qxf3 26. gxf3 Rxd1 27. Ne4
f5 28. Nf2 R1d2 29. Qa4 Rxf2+ 30. Kg3 Re2 31. Qxc6 Bf7 32. Qxa6 Rc2 33. Qb6 Rc8
34. Qb7 Re8 35. Qc6 Rxc4 36. Qb5 Ra8 37. Qb7 Re8 38. Qb5 e5 39. a4 e4 40. a5 e3
41. a6 e2 42. Qb1 e1=Q+ 0-1

[Event "ch-RUS Blitz 2017"]
[Site "Sochi RUS"]
[Date "2017.10.02"]
[Round "2.2"]
[White "Dubov, Daniil"]
[Black "Alexeev, Alexey"]
[Result "1-0"]
[WhiteTitle "GM"]
[BlackTitle "IM"]
[WhiteElo "2666"]
[BlackElo "2299"]
[WhiteFideId "24126055"]
[BlackFideId "14106663"]
[EventDate "2017.10.02"]
[EventType "blitz"]

1. c4 e6 2. Nc3 d5 3. d4 c5 4. cxd5 exd5 5. Nf3 Nc6 6. g3 Nf6 7. Bg2 Be7 8. O-O
O-O 9. dxc5 Bxc5 10. Bg5 d4 11. Bxf6 Qxf6 12. Nd5 Qd8 13. Nd2 Re8 14. Rc1 Bf8
15. Nf4 Bg4 16. h3 Bf5 17. Qb3 Na5 18. Qb5 Bd7 19. Qd3 Bc6 20. Nf3 Bd6 21. Rfd1
Bxf4 22. gxf4 Qb6 23. Qxd4 Rxe2 24. b4 Bxf3 25. Qxb6 axb6 26. Bxf3 Rxa2 27. bxa5
bxa5 28. Bxb7 Rb8 29. Rc7 a4 30. Rdd7 Ra1+ 31. Kg2 a3 32. Rxf7 a2 33. Rxg7+ Kh8
34. Rxh7+ Kg8 35. Bd5+ 1-0

[Event "ch-RUS Blitz 2017"]
[Site "Sochi RUS"]
[Date "2017.10.02"]
[Round "2.3"]
[White "Rozhko, Dmitry"]
[Black "Artemiev, Vladislav"]
[Result "0-1"]
[WhiteTitle "FM"]
[BlackTitle "GM"]
[WhiteElo "2327"]
[BlackElo "2692"]
[WhiteFideId "4150430"]
[BlackFideId "24101605"]
[EventDate "2017.10.02"]
[EventType "blitz"]

1. d4 d5 2. Nf3 Bf5 3. Bf4 e6 4. e3 Bd6 5. Bxd6 cxd6 6. c3 Nf6 7. Nbd2 Nc6 8.
Be2 h6 9. O-O O-O 10. Qb3 Qc7 11. Qa3 e5 12. Rfc1 Rfe8 13. Bf1 Qd7 14. b4 Ne4
15. Nxe4 Bxe4 16. Nd2 Bf5 17. b5 Ne7 18. c4 exd4 19. exd4 dxc4 20. Nxc4 Red8 21.
Ne3 Be6 22. Rc3 Nd5 23. Nxd5 Bxd5 24. Rac1 Qg4 25. Qa4 Re8 26. Rg3 Qf4 27. Ra1
Rac8 28. h3 Rc1 29. Rxc1 Qxc1 30. Re3 Rxe3 31. fxe3 Qxe3+ 32. Kh2 Qf2 33. Qd1
Bxa2 34. Be2 Bd5 35. Bf3 Bxf3 0-1

[Event "ch-RUS Blitz 2017"]
[Site "Sochi RUS"]
[Date "2017.10.02"]
[Round "2.4"]
[White "Tomashevsky, Evgeny"]
[Black "Bublei, Pavel"]
[Result "1-0"]
[WhiteTitle "GM"]
[BlackTitle "FM"]
[WhiteElo "2710"]
[BlackElo "2387"]
[WhiteFideId "4147235"]
[BlackFideId "24112593"]
[EventDate "2017.10.02"]
[EventType "blitz"]

1. c4 Nf6 2. Nc3 e6 3. Nf3 d5 4. d4 c5 5. e3 Nc6 6. cxd5 exd5 7. Bb5 a6 8. Bxc6+
bxc6 9. O-O Be6 10. b3 cxd4 11. exd4 Bd6 12. Bg5 h6 13. Bh4 Qa5 14. Bxf6 gxf6
15. Na4 O-O 16. Rc1 Rac8 17. Qd3 Qb5 18. Qd2 Kg7 19. Nc5 Bf5 20. Nh4 Bh7 21. a4
Qb8 22. Rc3 Bxh2+ 23. Kh1 Qf4 24. Qd1 Qxh4 25. Rh3 Qf4 26. Rxh2 Rfe8 27. Rh3 a5
28. Kg1 Bg6 29. g3 Qf5 30. Rh4 Re7 31. Qd2 h5 32. Qxa5 Qf3 33. Rf4 Qe2 34. Qc3
Rce8 35. Qf3 Qxf3 36. Rxf3 Rb8 37. Re3 Rxe3 38. fxe3 1-0

[Event "ch-RUS Blitz 2017"]
[Site "Sochi RUS"]
[Date "2017.10.02"]
[Round "2.5"]
[White "Stambulian, Arsen"]
[Black "Inarkiev, Ernesto"]
[Result "1-0"]
[WhiteTitle "IM"]
[BlackTitle "GM"]
[WhiteElo "2362"]
[BlackElo "2694"]
[WhiteFideId "13300296"]
[BlackFideId "4162722"]
[EventDate "2017.10.02"]
[EventType "blitz"]

1. e4 c5 2. Nf3 e6 3. d4 cxd4 4. Nxd4 Nc6 5. Nxc6 bxc6 6. c4 c5 7. Nc3 d6 8. Be2
Ne7 9. O-O Nc6 10. Be3 Be7 11. f4 Rb8 12. b3 O-O 13. Qd2 a6 14. Rad1 Qc7 15. Bf3
Rd8 16. Qf2 Bb7 17. Rfe1 Nd4 18. Ne2 Nxf3+ 19. Qxf3 f5 20. Ng3 fxe4 21. Qg4 Qc8
22. f5 exf5 23. Nxf5 Bf6 24. Rf1 Kh8 25. Bg5 Qe6 26. Bxf6 Qxf6 27. Nxd6 Rxd6 28.
Rxf6 Rxd1+ 29. Qxd1 gxf6 30. Qd6 Re8 31. Qxf6+ Kg8 32. Qg5+ Kf7 33. Qf5+ Kg8 34.
Qd7 Rf8 35. Qxb7 Rd8 36. Qe7 Rd4 37. Kf2 Rd2+ 38. Ke3 Rxa2 39. Qxe4 Rb2 40. Qa8+
Kg7 41. Qxa6 Rxb3+ 42. Ke4 Rb2 43. Kd5 Rxg2 44. Qb7+ Kh6 45. Kxc5 Rxh2 46. Qc6+
Kh5 47. Qd5+ Kg4 48. Qe4+ Kg3 49. Qe5+ Kg2 50. Kb5 h5 51. c5 1-0

[Event "ch-RUS Blitz 2017"]
[Site "Sochi RUS"]
[Date "2017.10.02"]
[Round "2.6"]
[White "Pridorozhni, Aleksei"]
[Black "Magomedov, Murad"]
[Result "1-0"]
[WhiteTitle "GM"]
[BlackTitle "FM"]
[WhiteElo "2565"]
[BlackElo "2280"]
[WhiteFideId "4127870"]
[BlackFideId "4192630"]
[EventDate "2017.10.02"]
[EventType "blitz"]

1. e4 c6 2. Nc3 d5 3. Qe2 dxe4 4. Nxe4 Bf5 5. d3 e6 6. g4 Bxe4 7. dxe4 e5 8. Bd2
Bc5 9. O-O-O Qb6 10. Nh3 Nd7 11. f4 Ne7 12. f5 O-O-O 13. Ng5 Rdf8 14. Qc4 Nf6
15. Be2 Be3 16. Nxf7 Nxe4 17. Qxe4 Bxd2+ 18. Rxd2 Rxf7 19. Bc4 Nd5 20. Bxd5 cxd5
21. Rxd5 Rd8 22. Rhd1 Rfd7 23. Qc4+ Kb8 24. Rxd7 Rxd7 25. Rxd7 Qe3+ 26. Rd2 1-0

[Event "ch-RUS Blitz 2017"]
[Site "Sochi RUS"]
[Date "2017.10.02"]
[Round "2.7"]
[White "Shubin, Kirill"]
[Black "Khismatullin, Denis"]
[Result "1-0"]
[WhiteTitle "FM"]
[BlackTitle "GM"]
[WhiteElo "2375"]
[BlackElo "2628"]
[WhiteFideId "34119962"]
[BlackFideId "4142578"]
[EventDate "2017.10.02"]
[EventType "blitz"]

1. e4 c5 2. Ne2 Nf6 3. Nbc3 d5 4. exd5 Nxd5 5. Nxd5 Qxd5 6. d4 Nc6 7. Be3 cxd4
8. Nxd4 Bd7 9. Nb5 Qe5 10. Qd2 Rd8 11. Qd5 Qb8 12. Qf3 a6 13. Nc3 e6 14. Bb6 Rc8
15. O-O-O Bd6 16. Qd3 Bf4+ 17. Kb1 Ne5 18. Qe4 Rc6 19. Qxf4 Rxb6 20. Re1 f6 21.
Qg3 O-O 22. Be2 Rc8 23. Rd1 Qc7 24. Ka1 Be8 25. f4 Nc6 26. Qe3 Bf7 27. Bg4 Nb4
28. Qe2 h5 29. Bh3 Qc4 30. a3 Qxe2 31. Nxe2 Nxc2+ 32. Kb1 Nxa3+ 33. Ka2 Nc4 34.
b3 Ne3 35. Rd3 Ng4 36. Nd4 e5 37. fxe5 fxe5 38. Nf5 Rc2+ 39. Ka3 e4 40. Rd8+ Kh7
41. Nd4 Rd2 42. Rf1 Bg8 43. Rf5 g6 44. Rd7+ Kh6 45. Rf8 Be6 46. Rh8+ Kg5 47.
Nxe6+ Rxe6 48. Rxd2 e3 49. Re2 Re5 50. Bxg4 hxg4 51. Rd8 Kf4 52. Rd3 b6 53. Kb2
a5 54. Rd8 Ke4 55. Rd6 b5 56. Rxg6 Kf4 57. Rd6 Ke4 58. h4 gxh3 59. gxh3 Kf3 60.
Re1 Kf2 61. Rdd1 e2 62. Rc1 b4 63. h4 Rh5 64. Kc2 Rxh4 65. Kd3 Rh3+ 66. Kd2 Re3
67. Rh1 Rxb3 68. Rh2+ Kg3 69. Rxe2 Kf3 70. Rf1+ Kg3 71. Re3+ 1-0

[Event "ch-RUS Blitz 2017"]
[Site "Sochi RUS"]
[Date "2017.10.02"]
[Round "2.8"]
[White "Fedoseev, Vladimir3"]
[Black "Babikov, Ivan"]
[Result "1-0"]
[WhiteTitle "GM"]
[BlackTitle "FM"]
[WhiteElo "2731"]
[BlackElo "2276"]
[WhiteFideId "24130737"]
[BlackFideId "4161106"]
[EventDate "2017.10.02"]
[EventType "blitz"]

1. e4 e5 2. Nf3 Nc6 3. Nc3 Nf6 4. Bc4 Nxe4 5. Nxe4 d5 6. Bd3 dxe4 7. Bxe4 Bd6 8.
O-O O-O 9. Re1 Ne7 10. Bd3 Ng6 11. Bxg6 fxg6 12. Qe2 Qf6 13. d4 exd4 14. Qc4+
Kh8 15. Bg5 Qf5 16. Be7 Bxe7 17. Rxe7 Bd7 18. Qxd4 Rf7 19. Rxf7 Qxf7 20. Ne5 1-0

[Event "ch-RUS Blitz 2017"]
[Site "Sochi RUS"]
[Date "2017.10.02"]
[Round "2.9"]
[White "Murtazin, Ruslan"]
[Black "Bocharov, Dmitry"]
[Result "0-1"]
[WhiteTitle "FM"]
[BlackTitle "GM"]
[WhiteElo "2364"]
[BlackElo "2585"]
[WhiteFideId "24175960"]
[BlackFideId "4138716"]
[EventDate "2017.10.02"]
[EventType "blitz"]

1. e4 d6 2. d4 Nf6 3. Nc3 g6 4. f3 a6 5. Be3 b5 6. Qd2 Bb7 7. h4 h5 8. O-O-O
Nbd7 9. Nh3 Bg7 10. Nf2 c5 11. dxc5 dxc5 12. Nd5 Bxd5 13. exd5 O-O 14. g4 Nb6
15. Bxc5 Na4 16. Bd4 Qxd5 17. b3 Nc5 18. gxh5 Nxh5 19. Bxg7 Qxd2+ 20. Rxd2 Kxg7
21. Rg1 Rac8 22. Ne4 Nxe4 23. fxe4 Rc7 24. Bh3 Rh8 25. Rd7 Rxd7 26. Bxd7 Nf6 27.
Bc6 Rxh4 28. Bb7 a5 29. Rg5 Rh5 30. Rg3 Re5 31. Kd2 Nxe4+ 32. Bxe4 Rxe4 33. Rg5
f5 34. Kd3 Kf6 35. Rg1 b4 36. Rh1 e5 37. Rh8 Rd4+ 38. Ke2 Rd5 39. Ra8 Rc5 40.
Kd2 f4 41. Kd3 Kf5 42. Rf8+ Kg4 43. Rg8 g5 0-1

[Event "ch-RUS Blitz 2017"]
[Site "Sochi RUS"]
[Date "2017.10.02"]
[Round "2.10"]
[White "Morozevich, Alexander"]
[Black "Shkurkin, Andrey"]
[Result "1-0"]
[WhiteTitle "GM"]
[BlackTitle "FM"]
[WhiteElo "2676"]
[BlackElo "2191"]
[WhiteFideId "4116992"]
[BlackFideId "34179647"]
[EventDate "2017.10.02"]
[EventType "blitz"]

1. e4 c5 2. Nf3 g6 3. d4 cxd4 4. Nxd4 Bg7 5. c4 Nc6 6. Nc2 d6 7. Be2 Be6 8. O-O
Rc8 9. Ne3 Ne5 10. Qb3 Qd7 11. Nc3 Nf6 12. Ned5 O-O 13. Be3 b6 14. f3 Rfe8 15.
a4 Qc6 16. Rfc1 Ned7 17. Nb5 Qb7 18. Nd4 Nc5 19. Qd1 Bd7 20. b4 Ne6 21. Nb3 Nxd5
22. exd5 Nc7 23. Ra2 e6 24. dxe6 Nxe6 25. Bf1 Red8 26. a5 d5 27. axb6 axb6 28.
cxd5 Be8 29. Rd2 Nc7 30. d6 Ne6 31. Rxc8 Qxc8 32. Bxb6 Rd7 33. Nc5 Nxc5 34. bxc5
Qc6 35. Qe2 Kf8 36. Qb5 Qb7 37. c6 Rxd6 38. Rxd6 Qe7 39. Bc5 1-0

[Event "ch-RUS Blitz 2017"]
[Site "Sochi RUS"]
[Date "2017.10.02"]
[Round "2.11"]
[White "Mumdgan, Suren"]
[Black "Sjugirov, Sanan"]
[Result "0-1"]
[BlackTitle "GM"]
[WhiteElo "2168"]
[BlackElo "2650"]
[WhiteFideId "4196015"]
[BlackFideId "4189302"]
[EventDate "2017.10.02"]
[EventType "blitz"]

1. d4 Nf6 2. c4 e6 3. Nf3 d5 4. Nc3 Bb4 5. Qc2 O-O 6. Bg5 Nbd7 7. e3 c5 8. cxd5
exd5 9. Be2 Qa5 10. Bxf6 Nxf6 11. O-O c4 12. Ne5 Be6 13. Bf3 Rfd8 14. a3 Bd6 15.
e4 dxe4 16. Nxe4 Bxe5 17. dxe5 Qxe5 18. Rfe1 Rab8 19. Nxf6+ Qxf6 20. Be4 g6 21.
Re3 Rd4 22. Rae1 Rbd8 23. Rf3 Qe5 24. Rfe3 Rd2 25. Qc3 Qxc3 26. Rxc3 Rxb2 27. f4
Rb3 28. Rec1 b5 29. f5 gxf5 30. Bf3 Rd3 31. R3c2 Rxa3 32. Rb1 a6 33. Re1 b4 34.
Be2 Re3 35. Kf2 Rac3 36. Rd2 f4 0-1

[Event "ch-RUS Blitz 2017"]
[Site "Sochi RUS"]
[Date "2017.10.02"]
[Round "2.12"]
[White "Alekseev, Evgeny"]
[Black "Poliakov, Artem"]
[Result "1-0"]
[WhiteTitle "GM"]
[WhiteElo "2622"]
[BlackElo "2182"]
[WhiteFideId "4138147"]
[BlackFideId "24198536"]
[EventDate "2017.10.02"]
[EventType "blitz"]

1. e4 d6 2. d4 Nf6 3. Bd3 g6 4. Nf3 Bg7 5. O-O O-O 6. Re1 Nc6 7. d5 Nb8 8. h3 e5
9. c4 a5 10. Nc3 Na6 11. a3 Nc5 12. Bc2 Ne8 13. Be3 b6 14. b4 axb4 15. axb4 Rxa1
16. Qxa1 Nb7 17. Ba4 Qe7 18. Nb5 f5 19. Na7 Bd7 20. Bxd7 Qxd7 21. Nc6 Nd8 22. b5
Nxc6 23. bxc6 Qe7 24. Bd2 fxe4 25. Ng5 e3 26. Bxe3 e4 27. Qb1 Bc3 28. Rc1 Bd4
29. Qxe4 Qxe4 30. Nxe4 Bxe3 31. fxe3 Rf5 32. Nc3 Re5 33. Kf2 Rf5+ 34. Ke2 Re5
35. Ra1 Kf7 36. Ra7 Re7 37. Nb5 Kf6 38. Kd3 h5 39. Ra8 g5 40. Rd8 Ke5 41. Nd4
Nf6 42. Rf8 g4 43. h4 Rg7 44. Ne6 Re7 45. Rh8 Nxd5 46. cxd5 Kxd5 47. Nd4 Kc5 48.
Rxh5+ Kb4 49. Rg5 Rh7 50. Rxg4 Kc5 51. Rg5+ d5 52. h5 b5 53. g4 b4 54. Rg6 Rh8
55. h6 Ra8 56. h7 Ra3+ 57. Ke2 Ra2+ 58. Kf3 Rh2 59. Rg7 Kc4 60. Rxc7 b3 61. Rb7
b2 62. c7 Rxh7 63. c8=Q+ 1-0

[Event "ch-RUS Blitz 2017"]
[Site "Sochi RUS"]
[Date "2017.10.02"]
[Round "2.13"]
[White "Smelov, Aleksey"]
[Black "Korotylev, Alexey"]
[Result "0-1"]
[BlackTitle "GM"]
[WhiteElo "2184"]
[BlackElo "2573"]
[WhiteFideId "4163974"]
[BlackFideId "4119142"]
[EventDate "2017.10.02"]
[EventType "blitz"]

1. d4 Nf6 2. Nf3 e6 3. Bf4 c5 4. c3 b6 5. h3 Bb7 6. e3 Be7 7. a4 a6 8. Nbd2 O-O
9. Be2 d6 10. O-O Nbd7 11. Nc4 Ne4 12. Qb1 Qc7 13. Rd1 cxd4 14. exd4 Rac8 15.
Ne3 Nef6 16. Nd2 Rfd8 17. Bf3 Bxf3 18. Nxf3 Qb7 19. d5 e5 20. Bg5 h6 21. Bh4 b5
22. axb5 axb5 23. Nh2 Nb6 24. Qd3 Nc4 25. Nf5 Nxb2 26. Qg3 g6 27. Nxe7+ Qxe7 28.
Ng4 Nh5 29. Bxe7 Nxg3 30. Bxd8 Ne2+ 31. Kf1 Nxd1 32. Kxe2 Nxc3+ 33. Kd3 Nxd5 34.
Ba5 Nf4+ 35. Ke4 f5+ 36. Kf3 fxg4+ 37. hxg4 Ra8 38. g3 Ne6 39. Ke4 Kf7 40. Kd5
Ra6 41. Ra3 h5 42. gxh5 gxh5 43. Rf3+ Ke7 44. Bd2 Ra4 45. Be3 Rc4 46. Bb6 Ng5
47. Rf5 Ne4 48. Bd8+ Kxd8 49. Ke6 Kc7 50. Rxh5 Nxf2 51. Rh7+ Kc6 52. Rd7 Rd4 53.
Rf7 Ng4 54. Rf8 b4 55. Rc8+ Kb5 0-1

[Event "ch-RUS Blitz 2017"]
[Site "Sochi RUS"]
[Date "2017.10.02"]
[Round "2.14"]
[White "Savchenko, Boris"]
[Black "Jakovenko, Igor"]
[Result "1-0"]
[WhiteTitle "GM"]
[WhiteElo "2581"]
[BlackElo "2170"]
[WhiteFideId "4147332"]
[BlackFideId "4195825"]
[EventDate "2017.10.02"]
[EventType "blitz"]

1. e4 c6 2. d4 g6 3. Nc3 Bg7 4. Nf3 d5 5. h3 dxe4 6. Nxe4 Nf6 7. Nxf6+ exf6 8.
Bd3 O-O 9. O-O Re8 10. b3 Nd7 11. Bb2 Nf8 12. Qd2 Qc7 13. Rfe1 Bd7 14. c4 Ne6
15. Bf1 Rad8 16. Rac1 Bc8 17. b4 b6 18. a4 f5 19. Qc2 Re7 20. b5 cxb5 21. d5 Nc5
22. Bxg7 Kxg7 23. axb5 Ne4 24. Nd4 Bb7 25. Bd3 Qc5 26. Qb2 Kg8 27. Nc6 Bxc6 28.
bxc6 Rde8 29. Bxe4 fxe4 30. Re3 Qd6 31. Ra1 f5 32. Qa3 Qf6 33. d6 Rf7 34. c5 f4
35. d7 Ref8 36. Rxe4 Qxc6 37. Rd4 Rxd7 38. Qb3+ Rdf7 39. Rxf4 Qxc5 40. g3 Qc7
41. Rd1 Kg7 42. Qb2+ Kg8 1-0

[Event "ch-RUS Blitz 2017"]
[Site "Sochi RUS"]
[Date "2017.10.02"]
[Round "2.15"]
[White "Oganyan, Arsen"]
[Black "Zvjaginsev, Vadim"]
[Result "0-1"]
[BlackTitle "GM"]
[WhiteElo "2282"]
[BlackElo "2643"]
[WhiteFideId "4175492"]
[BlackFideId "4113403"]
[EventDate "2017.10.02"]
[EventType "blitz"]

1. d4 d6 2. c4 e5 3. Nf3 e4 4. Ng5 f5 5. g3 Be7 6. Nh3 c6 7. Nc3 Na6 8. Nf4 Nf6
9. d5 O-O 10. h4 Nc7 11. Bh3 cxd5 12. cxd5 b5 13. a3 a5 14. O-O Rb8 15. Be3 b4
16. axb4 axb4 17. Na4 Ng4 18. Bd4 Nb5 19. Ne6 Bxe6 20. dxe6 Qc8 21. Bxg4 fxg4
22. Be3 Qxe6 23. Nb6 Bf6 24. Qd2 b3 25. Nd5 Be5 26. Rfd1 Rfc8 27. Rac1 h6 28.
Bf4 Nd4 29. Bxe5 dxe5 30. Ne3 Rxc1 31. Rxc1 Rd8 32. Qe1 Qa6 33. Kf1 Kh7 34. Nxg4
Nf3 35. Qc3 Rd2 36. Qc4 Qxc4 37. Rxc4 Rxb2 38. exf3 Rc2 39. Ne3 b2 40. Rb4 Rc1+
41. Kg2 exf3+ 42. Kxf3 0-1

[Event "ch-RUS Blitz 2017"]
[Site "Sochi RUS"]
[Date "2017.10.02"]
[Round "2.16"]
[White "Grachev, Boris"]
[Black "Mesnyankin, Nikita"]
[Result "1-0"]
[WhiteTitle "GM"]
[WhiteElo "2654"]
[BlackElo "2183"]
[WhiteFideId "4129199"]
[BlackFideId "24175935"]
[EventDate "2017.10.02"]
[EventType "blitz"]

1. d4 d5 2. Bf4 Nf6 3. e3 e6 4. Nd2 b6 5. c3 Bb7 6. Bd3 c5 7. Ngf3 Nbd7 8. O-O
Be7 9. Ne5 Nxe5 10. Bxe5 O-O 11. Qf3 Nd7 12. Qh3 g6 13. Bf4 f5 14. Nf3 Bf6 15.
Qg3 Re8 16. h4 Qe7 17. Bb5 Red8 18. Bc7 Rdc8 19. Bd6 Qf7 20. Bxd7 Qxd7 21. Be5
Bxe5 22. Nxe5 Qg7 23. Rad1 c4 24. f3 Rf8 25. b3 cxb3 26. axb3 Rac8 27. c4 dxc4
28. bxc4 a5 29. Rb1 Ba6 30. Rfc1 Rb8 31. h5 g5 32. h6 Qf6 33. Nd7 Qd8 34. Nxb8 1-0

[Event "ch-RUS Blitz 2017"]
[Site "Sochi RUS"]
[Date "2017.10.02"]
[Round "2.17"]
[White "Potapenko, D."]
[Black "Timofeev, Artyom"]
[Result "0-1"]
[BlackTitle "GM"]
[WhiteElo "2189"]
[BlackElo "2549"]
[WhiteFideId "4132769"]
[BlackFideId "4140419"]
[EventDate "2017.10.02"]
[EventType "blitz"]

1. d4 d5 2. Nc3 Nf6 3. Bg5 Nbd7 4. Nf3 g6 5. e3 Bg7 6. Bd3 O-O 7. O-O c5 8. Re1
cxd4 9. exd4 a6 10. Ne5 e6 11. Qd2 Qb6 12. Ne2 Qxb2 13. a4 Qb6 14. Bh6 Bxh6 15.
Qxh6 Nxe5 16. dxe5 Qxf2+ 17. Kh1 Ne4 18. Bxe4 dxe4 19. Ng3 f5 20. exf6 Qxf6 21.
Nxe4 Qg7 22. Qg5 Bd7 23. Rf1 Bc6 24. Nf6+ Kh8 25. Ra3 Rf7 26. Rh3 Raf8 27. Qh4
Rxf6 28. Rxf6 Rxf6 29. Kg1 0-1

[Event "ch-RUS Blitz 2017"]
[Site "Sochi RUS"]
[Date "2017.10.02"]
[Round "2.18"]
[White "Popov, Ivan RUS"]
[Black "Pavlov, Oleg"]
[Result "1-0"]
[WhiteTitle "GM"]
[BlackTitle "FM"]
[WhiteElo "2599"]
[BlackElo "2241"]
[WhiteFideId "4170350"]
[BlackFideId "4149297"]
[EventDate "2017.10.02"]
[EventType "blitz"]

1. e4 e6 2. d4 d5 3. Nc3 Bb4 4. a3 Bxc3+ 5. bxc3 dxe4 6. Qg4 Nf6 7. Qxg7 Rg8 8.
Qh6 Nbd7 9. Ne2 b6 10. a4 Bb7 11. a5 Rg6 12. Qe3 Qe7 13. Nf4 Rg8 14. a6 Bc6 15.
Ba3 Qd8 16. Be2 Nf8 17. c4 Qd7 18. d5 exd5 19. Bb2 Qf5 20. cxd5 Nxd5 21. Nxd5
Bxd5 22. c4 Bc6 23. O-O O-O-O 24. c5 Qxc5 25. Qh3+ Ne6 26. Rac1 1-0

[Event "ch-RUS Blitz 2017"]
[Site "Sochi RUS"]
[Date "2017.10.02"]
[Round "2.19"]
[White "Potrekeev, Pavel"]
[Black "Rakhmanov, Aleksandr"]
[Result "0-1"]
[BlackTitle "GM"]
[WhiteElo "2220"]
[BlackElo "2669"]
[WhiteFideId "24126152"]
[BlackFideId "4173708"]
[EventDate "2017.10.02"]
[EventType "blitz"]

1. Nf3 Nf6 2. c4 d6 3. Nc3 e5 4. e4 Nc6 5. d4 Bg4 6. d5 Nd4 7. Be2 Bxf3 8. Bxf3
g6 9. Be3 Bg7 10. Bxd4 exd4 11. Qxd4 O-O 12. O-O Re8 13. Qd2 Nd7 14. Rfe1 a5 15.
Rac1 Nc5 16. g3 Qf6 17. Bg2 a4 18. Nb5 Re7 19. Rb1 c6 20. dxc6 bxc6 21. e5 dxe5
22. Nc3 Rd7 23. Qe3 Rd4 24. b4 axb3 25. axb3 Rad8 26. Ne4 Qe7 27. Nxc5 Qxc5 28.
Rec1 0-1

[Event "ch-RUS Blitz 2017"]
[Site "Sochi RUS"]
[Date "2017.10.02"]
[Round "2.21"]
[White "Tenikashvili, Georgij"]
[Black "Alekseenko, Kirill"]
[Result "0-1"]
[WhiteTitle "FM"]
[BlackTitle "GM"]
[WhiteElo "2294"]
[BlackElo "2563"]
[WhiteFideId "4134605"]
[BlackFideId "4135539"]
[EventDate "2017.10.02"]
[EventType "blitz"]

1. d4 d5 2. c4 dxc4 3. Nf3 a6 4. e3 Bg4 5. Bxc4 e6 6. Nc3 Nc6 7. h3 Bh5 8. O-O
Nf6 9. Be2 Bd6 10. a3 O-O 11. b4 Qe8 12. Bb2 Rd8 13. Na4 e5 14. Nc5 Bxc5 15.
bxc5 exd4 16. exd4 Nd5 17. Re1 Qd7 18. Ne5 Nxe5 19. Bxh5 Ng6 20. Qb3 c6 21. Rab1
Nf6 22. Be2 Nf4 23. Bc4 Rfe8 24. Bc3 Rxe1+ 25. Rxe1 h6 26. Rb1 Qf5 27. Qxb7 Qg6
28. Bf1 Nxh3+ 29. Kh2 Nxf2 30. Qc7 Qh5+ 31. Kg1 N6e4 32. Qxd8+ Kh7 0-1